<?xml version="1.0" encoding="UTF-8"?>
<record
    xmlns:xsi="http://www.w3.org/2001/XMLSchema-instance"
    xsi:schemaLocation="http://www.loc.gov/MARC21/slim http://www.loc.gov/standards/marcxml/schema/MARC21slim.xsd"
    xmlns="http://www.loc.gov/MARC21/slim">

  <leader>00547nam a22002057a 4500</leader>
  <controlfield tag="005">20201209110605.0</controlfield>
  <controlfield tag="008">201209b           ||||| |||| 00| 0 eng d</controlfield>
  <datafield tag="020" ind1=" " ind2=" ">
    <subfield code="a">9789387956650</subfield>
  </datafield>
  <datafield tag="040" ind1=" " ind2=" ">
    <subfield code="a">IN-DiNC</subfield>
    <subfield code="c">IN-DiNC</subfield>
  </datafield>
  <datafield tag="041" ind1=" " ind2=" ">
    <subfield code="d">asm</subfield>
  </datafield>
  <datafield tag="082" ind1=" " ind2=" ">
    <subfield code="a">491.451</subfield>
    <subfield code="b">YOG</subfield>
  </datafield>
  <datafield tag="245" ind1=" " ind2=" ">
    <subfield code="a">Yogayogmulak asamiya /</subfield>
    <subfield code="c">edited by Arabinda Rajkhowa</subfield>
  </datafield>
  <datafield tag="250" ind1=" " ind2=" ">
    <subfield code="a">3rd ed.</subfield>
  </datafield>
  <datafield tag="260" ind1=" " ind2=" ">
    <subfield code="a">Dibrugarh:</subfield>
    <subfield code="b">Banalata,</subfield>
    <subfield code="c">2020</subfield>
  </datafield>
  <datafield tag="300" ind1=" " ind2=" ">
    <subfield code="a">132p.</subfield>
  </datafield>
  <datafield tag="650" ind1=" " ind2=" ">
    <subfield code="a">Assamese language</subfield>
  </datafield>
  <datafield tag="650" ind1=" " ind2=" ">
    <subfield code="a">Communicative Assamese</subfield>
  </datafield>
  <datafield tag="700" ind1=" " ind2=" ">
    <subfield code="a">Rajkhowa, Arabinda</subfield>
    <subfield code="e">Editor</subfield>
  </datafield>
  <datafield tag="942" ind1=" " ind2=" ">
    <subfield code="2">ddc</subfield>
    <subfield code="c">BK</subfield>
  </datafield>
  <datafield tag="999" ind1=" " ind2=" ">
    <subfield code="c">11117</subfield>
    <subfield code="d">11117</subfield>
  </datafield>
  <datafield tag="952" ind1=" " ind2=" ">
    <subfield code="0">0</subfield>
    <subfield code="1">0</subfield>
    <subfield code="2">ddc</subfield>
    <subfield code="4">0</subfield>
    <subfield code="7">0</subfield>
    <subfield code="8">ASM</subfield>
    <subfield code="a">MAIN</subfield>
    <subfield code="b">MAIN</subfield>
    <subfield code="c">GEN</subfield>
    <subfield code="d">2020-12-09</subfield>
    <subfield code="g">120.00</subfield>
    <subfield code="l">12</subfield>
    <subfield code="o">491.451 YOG</subfield>
    <subfield code="p">28545</subfield>
    <subfield code="r">2025-06-28 06:52:01</subfield>
    <subfield code="s">2025-06-19</subfield>
    <subfield code="t">1</subfield>
    <subfield code="w">2020-12-09</subfield>
    <subfield code="y">BK</subfield>
  </datafield>
  <datafield tag="952" ind1=" " ind2=" ">
    <subfield code="0">0</subfield>
    <subfield code="1">0</subfield>
    <subfield code="2">ddc</subfield>
    <subfield code="4">0</subfield>
    <subfield code="7">0</subfield>
    <subfield code="8">ASM</subfield>
    <subfield code="a">MAIN</subfield>
    <subfield code="b">MAIN</subfield>
    <subfield code="c">GEN</subfield>
    <subfield code="d">2020-12-09</subfield>
    <subfield code="g">120.00</subfield>
    <subfield code="l">24</subfield>
    <subfield code="o">491.451 YOG</subfield>
    <subfield code="p">28546</subfield>
    <subfield code="r">2024-11-26 04:09:16</subfield>
    <subfield code="s">2024-11-09</subfield>
    <subfield code="t">2</subfield>
    <subfield code="w">2020-12-09</subfield>
    <subfield code="y">BK</subfield>
  </datafield>
  <datafield tag="952" ind1=" " ind2=" ">
    <subfield code="0">0</subfield>
    <subfield code="1">0</subfield>
    <subfield code="2">ddc</subfield>
    <subfield code="4">0</subfield>
    <subfield code="7">0</subfield>
    <subfield code="8">ASM</subfield>
    <subfield code="a">MAIN</subfield>
    <subfield code="b">MAIN</subfield>
    <subfield code="c">GEN</subfield>
    <subfield code="d">2020-12-09</subfield>
    <subfield code="g">120.00</subfield>
    <subfield code="l">25</subfield>
    <subfield code="o">491.451 YOG</subfield>
    <subfield code="p">28547</subfield>
    <subfield code="r">2024-12-19 09:23:27</subfield>
    <subfield code="s">2024-11-12</subfield>
    <subfield code="t">3</subfield>
    <subfield code="w">2020-12-09</subfield>
    <subfield code="y">BK</subfield>
  </datafield>
  <datafield tag="952" ind1=" " ind2=" ">
    <subfield code="0">0</subfield>
    <subfield code="1">0</subfield>
    <subfield code="2">ddc</subfield>
    <subfield code="4">0</subfield>
    <subfield code="7">0</subfield>
    <subfield code="8">ASM</subfield>
    <subfield code="a">MAIN</subfield>
    <subfield code="b">MAIN</subfield>
    <subfield code="c">GEN</subfield>
    <subfield code="d">2020-12-09</subfield>
    <subfield code="g">120.00</subfield>
    <subfield code="l">29</subfield>
    <subfield code="o">491.451 YOG</subfield>
    <subfield code="p">28548</subfield>
    <subfield code="r">2025-08-08 06:14:09</subfield>
    <subfield code="s">2025-06-19</subfield>
    <subfield code="t">4</subfield>
    <subfield code="w">2020-12-09</subfield>
    <subfield code="y">BK</subfield>
  </datafield>
  <datafield tag="952" ind1=" " ind2=" ">
    <subfield code="0">0</subfield>
    <subfield code="1">0</subfield>
    <subfield code="2">ddc</subfield>
    <subfield code="4">0</subfield>
    <subfield code="7">0</subfield>
    <subfield code="8">ASM</subfield>
    <subfield code="a">MAIN</subfield>
    <subfield code="b">MAIN</subfield>
    <subfield code="c">GEN</subfield>
    <subfield code="d">2020-12-09</subfield>
    <subfield code="g">120.00</subfield>
    <subfield code="l">26</subfield>
    <subfield code="o">491.451 YOG</subfield>
    <subfield code="p">28549</subfield>
    <subfield code="r">2025-08-05 03:56:42</subfield>
    <subfield code="s">2025-06-20</subfield>
    <subfield code="t">5</subfield>
    <subfield code="w">2020-12-09</subfield>
    <subfield code="y">BK</subfield>
  </datafield>
</record>
